| Tag |
First Indicator |
Second Indicator |
Subfields |
| LEADER |
00000cam a2200000 a 4500 |
| 001 |
in00000082386 |
| 005 |
20151008061147.0 |
| 008 |
810422c19801979cau b 00110 eng d |
| 010 |
|
|
|a 80005314
|
| 020 |
|
|
|a 0803914881
|
| 035 |
|
|
|a (OCoLC)07355894
|
| 035 |
|
|
|9 AAJ7440AM
|
| 040 |
|
|
|a XBM
|c XBM
|d TXA
|d UtOrBLW
|
| 043 |
|
|
|a a-ii---
|
| 049 |
|
|
|a TXAM
|c [1655560]
|
| 090 |
|
|
|a P92.I7
|b M43 1980
|
| 100 |
1 |
|
|a Mehta, D. S.
|q (Dalpat Singh),
|d 1924-
|
| 245 |
1 |
0 |
|a Mass communication and journalism in India /
|c D.S. Mehta.
|
| 264 |
|
1 |
|a Beverly Hills :
|b Sage Publications,
|c 1980
|
| 264 |
|
4 |
|c ©1979
|
| 300 |
|
|
|a xvii, 313 pages ;
|c 22 cm.
|
| 336 |
|
|
|a text
|b txt
|2 rdacontent
|
| 337 |
|
|
|a unmediated
|b n
|2 rdamedia
|
| 338 |
|
|
|a volume
|b nc
|2 rdacarrier
|
| 500 |
|
|
|a Includes index.
|
| 504 |
|
|
|a Bibliography: pages [233]-256.
|
| 650 |
|
0 |
|a Mass media
|z India.
|
| 650 |
|
0 |
|a Journalism
|z India.
|
| 999 |
|
|
|a MARS
|
| 999 |
f |
f |
|s 2e3080ad-fc4c-3bc7-a48d-bffabf59e280
|i c682d321-41ed-3087-99ae-e0fa53bed60d
|t 0
|
| 952 |
f |
f |
|p ric
|a Texas A&M University
|b Rellis Campus
|c Joint Library Facility
|s JLF
|d Remote Storage
|t 0
|e P92.I7 M43 1980
|h Library of Congress classification
|i unmediated -- volume
|m A14806171856
|
| 998 |
f |
f |
|a P92.I7 M43 1980
|t 0
|l Remote Storage
|